| Tag |
First Indicator |
Second Indicator |
Subfields |
| LEADER |
00000cgm a2200000 i 4500 |
| 001 |
in00004598310 |
| 008 |
181026s2017 xxu103 vleng d |
| 007 |
vd csaizk |
| 005 |
20221031153407.7 |
| 035 |
|
|
|a (OCoLC)on1059128460
|
| 040 |
|
|
|a VCN
|b eng
|e rda
|c VCN
|d OCLCF
|d OCLCQ
|d OCLCO
|d OCLCQ
|d OCLCO
|
| 024 |
3 |
|
|a 3760115304437
|
| 035 |
|
|
|a (OCoLC)1059128460
|
| 090 |
|
|
|a GV1790.G65
|b S56 2017
|
| 245 |
0 |
4 |
|a The golden age /
|c a coproduction Bel Air Media, State Academic Bolshoi Theatre of Russia, Mezzo.
|
| 264 |
|
1 |
|a [United States] :
|b BelAir Classiques,
|c [2017]
|
| 300 |
|
|
|a 1 videodisc (103 min.) :
|b sound, color ;
|c 4 3/4 in.
|
| 336 |
|
|
|a two-dimensional moving image
|b tdi
|2 rdacontent
|
| 337 |
|
|
|a video
|b v
|2 rdamedia
|
| 338 |
|
|
|a videodisc
|b vd
|2 rdacarrier
|
| 344 |
|
|
|a digital
|2 rdatr
|
| 344 |
|
|
|b optical
|2 rdarm
|
| 344 |
|
|
|g stereo
|2 rdacpc
|
| 344 |
|
|
|g surround
|2 rdacpc
|
| 344 |
|
|
|h 5.1 Dolby digital
|
| 344 |
|
|
|h 2.0 PCM
|
| 346 |
|
|
|b NTSC
|
| 380 |
|
|
|a Filmed ballets.
|2 lcgft
|
| 490 |
1 |
|
|a Bolshoi Ballet HD collection
|
| 538 |
|
|
|a Blu-ray.
|
| 511 |
1 |
|
|a Nina Kaptsova, Ruslan Skvortsov, Mikhail Lobukhin, Ekaterina Krysanova ; Ballet and orchestra of the State Academic Bolshoi Theatre of Russia ; conductor, Pavel Klinichev.
|
| 508 |
|
|
|a Music, Dmitri Shostakovic, libretto Isaak Glikma, Yuri Grigorovich ; choreography, Yuri Grigorovich.
|
| 520 |
|
|
|a A modern and visionary work, this ballet, set to music by Dmitri Shostakovich, was created in 1930. Its central theme was the highly moralized battle and triumph of the proletariat against the decadent bourgeoisie, set in europe during the roaring twenties.
|
| 650 |
|
0 |
|a Ballet.
|
| 650 |
|
7 |
|a Ballet.
|2 fast
|0 (OCoLC)fst00826017
|
| 655 |
|
7 |
|a Filmed ballets.
|2 fast
|0 (OCoLC)fst01726303
|
| 655 |
|
7 |
|a Filmed ballets.
|2 lcgft
|
| 700 |
1 |
|
|a Kaptsova, Nina,
|e performer.
|
| 700 |
1 |
|
|a Skvort︠s︡ov, Ruslan,
|e performer.
|
| 700 |
1 |
|
|a Lobukhin, Mikhail,
|e performer.
|
| 700 |
1 |
|
|a Krysanova, Ekaterina,
|e performer.
|
| 700 |
1 |
|
|a Klinichev, Pavel,
|e conductor.
|
| 700 |
1 |
|
|a Glikman, I.
|q (Isaak),
|e librettist.
|
| 700 |
1 |
|
|a Grigorovich, I︠U︡riĭ Nikolaevich,
|d 1927-
|e librettist,
|e choreographer.
|
| 700 |
1 |
|
|i Container of (work):
|a Shostakovich, Dmitriĭ Dmitrievich,
|d 1906-1975.
|t Zolotoĭ vek.
|
| 710 |
2 |
|
|a Bel Air Media (Firm),
|e production company.
|
| 710 |
2 |
|
|a Bolʹshoĭ teatr Rossii,
|e production company.
|
| 710 |
2 |
|
|a Mezzo (Television station : Paris, France),
|e production company.
|
| 710 |
2 |
|
|a Bel Air Classiques,
|e publisher.
|
| 710 |
2 |
|
|a Bolʹshoĭ teatr SSSR.
|b Balet,
|e performer.
|
| 710 |
2 |
|
|a Bolʹshoĭ teatr Rossii.
|b Orkestr,
|e performer.
|
| 830 |
|
0 |
|a Bolshoi Ballet HD collection.
|
| 994 |
|
|
|a Z0
|b TXA
|
| 948 |
|
|
|h NO HOLDINGS IN TXA - 1 OTHER HOLDINGS
|
| 999 |
f |
f |
|s a09532e7-6ae5-460e-8ac3-09096096108a
|i 6dcc5f79-0b54-426f-a13e-e69cc9e9e1cd
|t 0
|
| 952 |
f |
f |
|p bluray
|a Texas A&M University
|b College Station
|c Sterling C. Evans Library
|d Evans: Media and Reserves (Annex 1st floor)
|t 0
|e GV1790.G65 S56 2017
|h Library of Congress classification
|i video -- videodisc
|m A14851294067
|
| 998 |
f |
f |
|a GV1790.G65 S56 2017
|t 0
|l Evans: Media and Reserves (Annex 1st floor)
|